El arte de reconocer los estilos arquitectónicos
| Main Author: | |
|---|---|
| Format: | Section = Libro |
| Language: | Undetermined Spanish |
| Published: |
Barcelona
Optima
2007
|
| Subjects: |
| LEADER | 00597nam a2200217Ia 4500 | ||
|---|---|---|---|
| 008 | 240829s9999 xx 000 0 und d | ||
| 020 | |a 978-84-96250-72-7 | ||
| 040 | |a BIBLIOTECA-RUSB/ 721 A333 | ||
| 041 | |a spa | ||
| 082 | |a 721 A333 | ||
| 100 | 1 | |a Albert de Paco, J. M. | |
| 245 | 1 | 0 | |a El arte de reconocer los estilos arquitectónicos |
| 260 | |a Barcelona |b Optima |c 2007 | ||
| 300 | |a 357 p. :il. | ||
| 650 | 7 | |a ARQUITECTURA EN ARTE | |
| 650 | 7 | |b DISEÑO ARQUITECTONICO | |
| 650 | 7 | |c DISEÑO DE ESTRUCTURAS | |
| 650 | 7 | |d ARQUITECTURA MODERNA | |
| 942 | |c BK |2 ddc | ||
| 991 | |a TEXTO | ||
| 999 | |c 5090 | ||